[Event "70. Bulgaria ch 2006"]
[Site "Svilengrad BUL"]
[Date "2006.02.28"]
[Round "1.2"]
[White "Panbukchian, Valentin"]
[Black "Karakehajov, Kalin"]
[Result "1/2-1/2"]
[WhiteElo "2312"]
[BlackElo "2429"]
[PlyCount "128"]
[EventDate "2006.02.28"]
[EventType "tourn"]
[EventRounds "13"]
[EventCountry "BUL"]
[EventCategory "8"]
[Source "lmi"]
[SourceDate "2006.03.11"]

1. e4 e5 2. Nf3 Nc6 3. Bb5 a6 4. Ba4 Nf6 5. O-O Be7 6. Bxc6 dxc6 7. Nc3 Nd7 8.
d4 exd4 9. Qxd4 O-O 10. Bf4 Nc5 11. Rad1 Bg4 12. Qe3 Qc8 13. h3 Bh5 14. Bh2 Ne6
15. Ne2 Re8 16. Ng3 Bg6 17. Rfe1 Bb4 18. c3 Bc5 19. Qc1 Qb8 20. Nf5 Qa7 21. Qc2
Rad8 22. g4 Qb8 23. Kg2 Bf8 24. Ne5 Qc8 25. f3 Nc5 26. Rxd8 Rxd8 27. Rd1 Bxf5
28. gxf5 a5 29. Qe2 Rxd1 30. Qxd1 Bd6 31. Qd4 Qd8 32. Bg3 Qe7 33. b3 h6 34. h4
Na6 35. Nc4 Bxg3 36. Kxg3 a4 37. bxa4 Nc5 38. a5 Nd7 39. e5 Nf8 40. Qe4 Qc5 41.
Kg2 Qe7 42. Kh3 Qd7 43. Ne3 Qe7 44. f4 Qa3 45. e6 Qe7 46. a6 bxa6 47. Qxc6 fxe6
48. fxe6 Nxe6 49. Kg3 Qf6 50. Qe4 c6 51. f5 Nf8 52. Qc4+ Kh7 53. Qd3 Qe5+ 54.
Kf3 Kh8 55. Qxa6 Qxc3 56. Qc4 Qf6 57. a4 Ng6 58. Qe6 Nxh4+ 59. Ke4 Qg5 60. Qxc6
Qg1 61. Qd7 Qh1+ 62. Ke5 Kh7 63. Qd1 Qh2+ 64. Ke4 Ng2 1/2-1/2

[Event "70. Bulgaria ch 2006"]
[Site "Svilengrad BUL"]
[Date "2006.02.28"]
[Round "1.5"]
[White "Janev, Evgeni"]
[Black "Nikolov, Momchil"]
[Result "1/2-1/2"]
[WhiteElo "2494"]
[BlackElo "2446"]
[PlyCount "153"]
[EventDate "2006.02.28"]
[EventType "tourn"]
[EventRounds "13"]
[EventCountry "BUL"]
[EventCategory "8"]
[Source "lmi"]
[SourceDate "2006.03.11"]

1. e4 c5 2. Nf3 e6 3. c3 Nf6 4. e5 Nd5 5. d4 cxd4 6. cxd4 d6 7. Nc3 Nxc3 8.
bxc3 Nc6 9. exd6 Bxd6 10. Bd3 Qa5 11. Bd2 Qh5 12. O-O O-O 13. Re1 b6 14. h3 Ne7
15. Qc2 Bb7 16. Ng5 Ng6 17. Rab1 Be7 18. Rb5 e5 19. Be2 Qh4 20. Nf3 Qf6 21.
Nxe5 Nh4 22. Bf1 Qd6 23. Bf4 Qd8 24. Bg3 Rc8 25. Qb3 Ng6 26. Nxg6 hxg6 27. Rbe5
Bf6 28. R5e3 Qd7 29. Be5 Bxe5 30. Rxe5 Rc7 31. R1e3 Qd6 32. a4 a6 33. f4 Kh7
34. f5 gxf5 35. Rxf5 g6 36. Rfe5 Kg7 37. Be2 Rfc8 38. Bg4 Rd8 39. Bf3 Bxf3 40.
Rxf3 Rdd7 41. Rfe3 Rc6 42. Re8 Rdc7 43. Qb2 Rc4 44. Qa1 Qf4 45. Qa3 Kh7 46. Qf8
Qf6 47. R3e4 g5 48. Qg8+ Kh6 49. h4 Qg7 50. hxg5+ Kg6 51. Rf4 Qxg8 52. Rxg8+
Kh7 53. Rb8 Rxa4 54. Rxb6 Rac4 55. Rxa6 Rxc3 56. Kf2 Kg7 57. Raf6 Rd3 58. g6
fxg6 59. Re6 Rd7 60. Ree4 Ra7 61. Re3 Ra2+ 62. Kf3 Rxe3+ 63. Kxe3 Rxg2 64. d5
g5 65. Rf1 Rh2 66. d6 Rh8 67. Ke4 Kg6 68. Kd5 g4 69. d7 Kg5 70. Ke6 Rd8 71. Ke7
Rxd7+ 72. Kxd7 g3 73. Ke6 Kg4 74. Ke5 g2 75. Ra1 Kf3 76. Kd4 Kf2 77. Ra2+
1/2-1/2

[Event "70. Bulgaria ch 2006"]
[Site "Svilengrad BUL"]
[Date "2006.02.28"]
[Round "1.6"]
[White "Bojkov, Dejan"]
[Black "Vasilev, Milen"]
[Result "1/2-1/2"]
[WhiteElo "2475"]
[BlackElo "2451"]
[PlyCount "40"]
[EventDate "2006.02.28"]
[EventType "tourn"]
[EventRounds "13"]
[EventCountry "BUL"]
[EventCategory "8"]
[Source "lmi"]
[SourceDate "2006.03.11"]

1. e4 c5 2. Nf3 d6 3. d4 cxd4 4. Nxd4 Nf6 5. Nc3 g6 6. Be3 Bg7 7. f3 O-O 8. Qd2
Nc6 9. Bc4 Bd7 10. O-O-O Rc8 11. Bb3 Ne5 12. h4 h5 13. Bh6 Nc4 14. Bxc4 Rxc4
15. Bxg7 Kxg7 16. Kb1 Qa5 17. Nb3 Qc7 18. Nd4 Qa5 19. Nb3 Qc7 20. Nd4 Qa5
1/2-1/2

[Event "70. Bulgaria ch 2006"]
[Site "Svilengrad BUL"]
[Date "2006.03.01"]
[Round "2.1"]
[White "Nikolov, Momchil"]
[Black "Bojkov, Dejan"]
[Result "1/2-1/2"]
[WhiteElo "2446"]
[BlackElo "2475"]
[PlyCount "207"]
[EventDate "2006.02.28"]
[EventType "tourn"]
[EventRounds "13"]
[EventCountry "BUL"]
[EventCategory "8"]
[Source "lmi"]
[SourceDate "2006.03.11"]

1. d4 Nf6 2. c4 g6 3. Nc3 Bg7 4. e4 d6 5. f3 O-O 6. Bg5 a6 7. Qd2 Nbd7 8. Nh3
c5 9. d5 b5 10. cxb5 Qa5 11. Nf2 Nb6 12. Be2 axb5 13. Nxb5 Bd7 14. Nc3 Rfb8 15.
Nfd1 e6 16. dxe6 Bxe6 17. Qxd6 Na4 18. O-O Nxb2 19. Rc1 Rd8 20. Qf4 Nh5 21. Qh4
Rdb8 22. Qe1 Nxd1 23. Bxd1 Rb2 24. Be3 Bd4 25. Rf2 Rxf2 26. Kxf2 Nf4 27. Qf1
Bxc3 28. Bxf4 Bd2 29. Bxd2 Qxd2+ 30. Be2 Rxa2 31. Qd1 Qb4 32. Qd3 Rd2 33. Qc3
Rb2 34. Qxc5 Qd2 35. Qe3 Qd6 36. Kg1 h5 37. Rd1 Qc7 38. f4 Rb3 39. Qd2 Qb6+ 40.
Qd4 Qxd4+ 41. Rxd4 Rb2 42. Bf3 Kg7 43. h4 Kf6 44. Kh2 Rb3 45. Rd6 Ra3 46. Rb6
Kg7 47. Rb5 Kf6 48. Rg5 Rc3 49. f5 gxf5 50. exf5 Bxf5 51. Bxh5 Be4 52. Rg4 Bg6
53. Rf4+ Ke5 54. Rf3 Rc4 55. Bxg6 fxg6 56. Kh3 Ra4 57. Kg3 Rb4 58. Kh3 Ra4 59.
g3 Rb4 60. Rf8 Ra4 61. Kg2 Ra3 62. Rf4 Ke6 63. Kh3 Rb3 64. Kg4 Rb5 65. Rf1 Ra5
66. Rf8 Ke7 67. Rf3 Ke6 68. Kh3 Ke5 69. Rf1 Ra4 70. Rf8 Rb4 71. Kg2 Rb3 72. Rf4
Ra3 73. Kh3 Ke6 74. Kg4 Ra5 75. Rf8 Ke7 76. Rf4 Ke6 77. Rb4 Kf6 78. Kf4 Rf5+
79. Kg4 Ra5 80. Rb6+ Kg7 81. Kf4 Rf5+ 82. Ke4 Ra5 83. Rd6 Ra3 84. g4 Rh3 85.
Kf4 Ra3 86. Rd7+ Kf6 87. Rd6+ Kg7 88. Rd4 Kh6 89. Ke5 Ra5+ 90. Ke6 Ra6+ 91. Ke7
Ra7+ 92. Kf8 Ra8+ 93. Kf7 Ra7+ 94. Kf6 Ra6+ 95. Ke5 Ra5+ 96. Ke6 Ra6+ 97. Ke7
Ra7+ 98. Ke8 Ra8+ 99. Rd8 Ra4 100. g5+ Kh5 101. Kf7 Rxh4 102. Rh8+ Kxg5 103.
Rxh4 Kxh4 104. Kxg6 1/2-1/2

[Event "70. Bulgaria ch 2006"]
[Site "Svilengrad BUL"]
[Date "2006.03.01"]
[Round "2.2"]
[White "Rusev, Krasimir"]
[Black "Janev, Evgeni"]
[Result "1-0"]
[WhiteElo "2409"]
[BlackElo "2494"]
[PlyCount "69"]
[EventDate "2006.02.28"]
[EventType "tourn"]
[EventRounds "13"]
[EventCountry "BUL"]
[EventCategory "8"]
[Source "lmi"]
[SourceDate "2006.03.11"]

1. d4 Nf6 2. c4 d6 3. Nc3 g6 4. e4 Bg7 5. Be2 O-O 6. Bg5 c6 7. Qd2 e5 8. d5
cxd5 9. cxd5 Nbd7 10. h4 a6 11. f3 b5 12. Nh3 Nb6 13. Nf2 Bd7 14. b3 Rc8 15.
Rc1 Qc7 16. O-O Qb7 17. a3 Na8 18. Na2 Nh5 19. Be7 Ng3 20. Rfe1 Rxc1 21. Nxc1
Re8 22. Bxd6 Qb6 23. Bb4 Bf6 24. Ba5 Qa7 25. Ncd3 Bxh4 26. Bd1 Nh5 27. Qe3 Qb8
28. g4 Ng7 29. Qh6 Be7 30. Bb4 Qd8 31. Bxe7 Qxe7 32. Kg2 Qxa3 33. Rh1 f6 34.
Qxh7+ Kf7 35. Rh6 1-0

[Event "70. Bulgaria ch 2006"]
[Site "Svilengrad BUL"]
[Date "2006.03.01"]
[Round "2.4"]
[White "Karakehajov, Kalin"]
[Black "Iotov, Valentin"]
[Result "0-1"]
[WhiteElo "2429"]
[BlackElo "2420"]
[PlyCount "80"]
[EventDate "2006.02.28"]
[EventType "tourn"]
[EventRounds "13"]
[EventCountry "BUL"]
[EventCategory "8"]
[Source "lmi"]
[SourceDate "2006.03.11"]

1. d4 Nf6 2. Nf3 e6 3. e3 b6 4. Be2 Bb7 5. O-O d5 6. b3 Bd6 7. Bb2 O-O 8. Nbd2
c5 9. c4 Nbd7 10. Rc1 Qe7 11. Qc2 Rac8 12. Qb1 Ne4 13. cxd5 exd5 14. dxc5 Ndxc5
15. Rfd1 f5 16. Nf1 f4 17. Bd4 Ne6 18. Qd3 fxe3 19. Bxe3 Bc5 20. g3 d4 21. Bd2
a5 22. Be1 N6g5 23. Nxg5 Nxg5 24. Nd2 Nh3+ 25. Kf1 Qe3 26. Nf3 Bxf3 27. Qc4+
Kh8 28. fxe3 Bd5+ 29. Bf3 Bxf3 30. exd4 Bd5+ 31. Ke2 Bxc4+ 32. Rxc4 Rce8+ 33.
Kd3 Ba3 34. Rc6 Rf1 35. d5 Nf2+ 36. Bxf2 Rxd1+ 37. Kc4 Re4+ 38. Kb5 Rxd5+ 39.
Ka6 h6 40. Bxb6 a4 0-1

[Event "70. Bulgaria ch 2006"]
[Site "Svilengrad BUL"]
[Date "2006.03.01"]
[Round "2.6"]
[White "Galunov, Todor"]
[Black "Petkov, Vladimir"]
[Result "0-1"]
[WhiteElo "2286"]
[BlackElo "2512"]
[PlyCount "50"]
[EventDate "2006.02.28"]
[EventType "tourn"]
[EventRounds "13"]
[EventCountry "BUL"]
[EventCategory "8"]
[Source "lmi"]
[SourceDate "2006.03.11"]

1. Nf3 d5 2. g3 c6 3. Bg2 Bg4 4. c4 Nd7 5. cxd5 cxd5 6. Nc3 e6 7. Qa4 Bxf3 8.
Bxf3 Ne7 9. e4 d4 10. Nb5 Nc6 11. Nxd4 Qf6 12. e5 Ncxe5 13. Bxb7 Nd3+ 14. Ke2
N3c5 15. Qc6 Rb8 16. Nb5 Qe5+ 17. Kf1 Rxb7 18. d4 Qe4 19. Qc8+ Ke7 20. Rg1 Rxb5
21. dxc5 Rxc5 22. Qa6 Qc4+ 23. Qxc4 Rxc4 24. Be3 a6 25. Ke2 Rc2+ 0-1

[Event "70. Bulgaria ch 2006"]
[Site "Svilengrad BUL"]
[Date "2006.03.02"]
[Round "3.1"]
[White "Panbukchian, Valentin"]
[Black "Galunov, Todor"]
[Result "1-0"]
[WhiteElo "2312"]
[BlackElo "2286"]
[PlyCount "91"]
[EventDate "2006.02.28"]
[EventType "tourn"]
[EventRounds "13"]
[EventCountry "BUL"]
[EventCategory "8"]
[Source "lmi"]
[SourceDate "2006.03.11"]

1. e4 e5 2. Nf3 Nc6 3. Bb5 Nf6 4. Qe2 Be7 5. c3 d6 6. O-O O-O 7. Rd1 a6 8. Ba4
b5 9. Bb3 Bb7 10. d4 Nd7 11. a4 exd4 12. cxd4 bxa4 13. Bxa4 Nb6 14. Bb3 a5 15.
Nc3 Ba6 16. Qe1 Nc4 17. Nd5 Nb6 18. Qc3 Bb7 19. Bf4 Nb4 20. Nxb4 axb4 21. Qc2
Qd7 22. h3 Rxa1 23. Rxa1 Ra8 24. Re1 Qc6 25. Qd2 Qb5 26. Bg5 Bf8 27. Qf4 Qd7
28. Qd2 h6 29. Bf4 Re8 30. d5 c5 31. dxc6 Qxc6 32. Nd4 Qc5 33. Rc1 Qa5 34. Rc7
Re7 35. Bxd6 Rxc7 36. Bxc7 Bxe4 37. Bxf7+ Kxf7 38. Qf4+ Kg8 39. Qxe4 Qa1+ 40.
Kh2 Qxb2 41. Qe6+ Kh7 42. Qf5+ Kg8 43. Bxb6 Qa2 44. g3 Bd6 45. Nb5 b3 46. Qe6+
1-0

[Event "70. Bulgaria ch 2006"]
[Site "Svilengrad BUL"]
[Date "2006.03.02"]
[Round "3.2"]
[White "Iotov, Valentin"]
[Black "Radulski, Julian"]
[Result "1/2-1/2"]
[WhiteElo "2420"]
[BlackElo "2515"]
[PlyCount "45"]
[EventDate "2006.02.28"]
[EventType "tourn"]
[EventRounds "13"]
[EventCountry "BUL"]
[EventCategory "8"]
[Source "lmi"]
[SourceDate "2006.03.11"]

1. d4 Nf6 2. c4 e6 3. Nc3 Bb4 4. e3 O-O 5. Bd3 d5 6. Nf3 c5 7. O-O cxd4 8. exd4
dxc4 9. Bxc4 b6 10. Bg5 Bb7 11. Qd3 Nbd7 12. Rac1 Rc8 13. a3 Bxc3 14. Rxc3 Be4
15. Qe2 h6 16. Bh4 Bd5 17. Rfc1 Bxc4 18. Rxc4 Rxc4 19. Qxc4 Qa8 20. Qc7 b5 21.
h3 a5 22. Bg3 Rd8 23. Qc6 1/2-1/2

[Event "70. Bulgaria ch 2006"]
[Site "Svilengrad BUL"]
[Date "2006.03.02"]
[Round "3.3"]
[White "Dimitrov, Vladimir"]
[Black "Karakehajov, Kalin"]
[Result "1-0"]
[WhiteElo "2449"]
[BlackElo "2429"]
[PlyCount "115"]
[EventDate "2006.02.28"]
[EventType "tourn"]
[EventRounds "13"]
[EventCountry "BUL"]
[EventCategory "8"]
[Source "lmi"]
[SourceDate "2006.03.11"]

1. d4 d5 2. Nf3 e6 3. c4 c6 4. Nc3 dxc4 5. e3 b5 6. a4 Bb4 7. Bd2 a5 8. axb5
Bxc3 9. Bxc3 cxb5 10. b3 Bb7 11. bxc4 b4 12. Bb2 Nf6 13. Bd3 Nbd7 14. O-O O-O
15. Re1 Re8 16. c5 Bc6 17. Bc2 Ne4 18. Qb1 f5 19. Qd1 Qc7 20. h3 Ra6 21. Bb3
Bd5 22. Ba4 Rea8 23. Qc2 Nef6 24. Nd2 Kh8 25. f3 Bc6 26. Nc4 Bxa4 27. Rxa4 f4
28. e4 e5 29. Nd2 Nb6 30. Raa1 a4 31. dxe5 Nfd7 32. Bd4 Nf8 33. Qb2 Nbd7 34.
Qxb4 Ne6 35. Ra3 Nxe5 36. Bf2 Rd8 37. Nc4 Nd3 38. Rxd3 Rxd3 39. Qb5 Ra8 40. Nb6
Rb3 41. Nxa8 Rxb5 42. Nxc7 Nxc7 43. Rd1 h6 44. c6 a3 45. Rd7 Rb1+ 46. Kh2 Nb5
47. c7 Nxc7 48. Rxc7 a2 49. Bd4 a1=Q 50. Bxa1 Rxa1 51. Rf7 g5 52. h4 Ra5 53.
hxg5 hxg5 54. Kh3 Kg8 55. Rd7 Ra6 56. Kg4 Ra2 57. Kxg5 Rxg2+ 58. Kxf4 1-0

[Event "70. Bulgaria ch 2006"]
[Site "Svilengrad BUL"]
[Date "2006.03.02"]
[Round "3.5"]
[White "Bojkov, Dejan"]
[Black "Rusev, Krasimir"]
[Result "0-1"]
[WhiteElo "2475"]
[BlackElo "2409"]
[PlyCount "100"]
[EventDate "2006.02.28"]
[EventType "tourn"]
[EventRounds "13"]
[EventCountry "BUL"]
[EventCategory "8"]
[Source "lmi"]
[SourceDate "2006.03.11"]

1. e4 c5 2. Nf3 d6 3. d4 Nf6 4. Nc3 cxd4 5. Nxd4 Nc6 6. f3 e5 7. Nb3 Be7 8. Be3
O-O 9. Qd2 a5 10. Bb5 Na7 11. Be2 Be6 12. Rd1 Nc8 13. Qc1 Nb6 14. Nc5 Qc7 15.
Nb5 Qc6 16. Nxe6 fxe6 17. c4 Nxe4 18. fxe4 Qxe4 19. Bf3 Rxf3 20. gxf3 Qxf3 21.
Rf1 Bh4+ 22. Kd2 Qg2+ 23. Kc3 Nxc4 24. a4 Qe4 25. Bg1 Rc8 26. Kb3 Nb6 27. Bxb6
Qb4+ 28. Ka2 Qxa4+ 29. Na3 Rxc1 30. Rxc1 Bf6 31. Rc4 Qe8 32. Rc7 d5 33. Rxb7 e4
34. Rc1 h6 35. Rcc7 Qh5 36. Bc5 Qxh2 37. Bf8 Qg3 38. Nc2 h5 39. Rc8 Kh7 40.
Bxg7 Bxg7 41. Nd4 Qe5 42. Nc6 Qf6 43. Nb8 e3 44. Nd7 Qf5 45. Re8 e2 46. Rxe6
Qxe6 47. Nf8+ Kh6 48. Nxe6 Be5 49. Rb6 e1=Q 50. Nd4+ Kh7 0-1

[Event "70. Bulgaria ch 2006"]
[Site "Svilengrad BUL"]
[Date "2006.03.02"]
[Round "3.6"]
[White "Vasilev, Milen"]
[Black "Nikolov, Momchil"]
[Result "1/2-1/2"]
[WhiteElo "2451"]
[BlackElo "2446"]
[PlyCount "105"]
[EventDate "2006.02.28"]
[EventType "tourn"]
[EventRounds "13"]
[EventCountry "BUL"]
[EventCategory "8"]
[Source "lmi"]
[SourceDate "2006.03.11"]

1. d4 Nf6 2. c4 d6 3. Nf3 g6 4. Nc3 Bg7 5. g3 O-O 6. Bg2 Nbd7 7. O-O e5 8. e4
c6 9. h3 Qa5 10. Re1 exd4 11. Nxd4 Ne5 12. Bf1 Re8 13. Bd2 Qb6 14. Be3 c5 15.
Ndb5 Be6 16. Qxd6 Nf3+ 17. Kg2 Nxe1+ 18. Rxe1 Qxd6 19. Nxd6 Red8 20. Bxc5 b6
21. Ba3 Ne8 22. Nxe8 Bxc3 23. bxc3 Rxe8 24. c5 Rec8 25. Ba6 Rc7 26. c4 f6 27.
e5 Kf7 28. c6 Rd8 29. Bb5 fxe5 30. Bb2 a6 31. Bxe5 Ra7 32. c7 Rc8 33. Bc6 Bxc4
34. a4 Raxc7 35. Bxc7 Rxc7 36. Bf3 b5 37. axb5 axb5 38. Be2 Bxe2 39. Rxe2 b4
40. Kf3 Kf6 41. Rb2 Rc4 42. Re2 b3 43. Rb2 Rb4 44. Ke3 h5 45. h4 Kf5 46. f3 Ke5
47. Kd3 Kd5 48. Kc3 Kc5 49. Rxb3 Rxb3+ 50. Kxb3 Kd4 51. g4 Ke3 52. gxh5 gxh5
53. Kc3 1/2-1/2

[Event "70. Bulgaria ch 2006"]
[Site "Svilengrad BUL"]
[Date "2006.03.03"]
[Round "4.2"]
[White "Grigorov, Grigor"]
[Black "Bojkov, Dejan"]
[Result "1/2-1/2"]
[WhiteElo "2405"]
[BlackElo "2475"]
[PlyCount "115"]
[EventDate "2006.02.28"]
[EventType "tourn"]
[EventRounds "13"]
[EventCountry "BUL"]
[EventCategory "8"]
[Source "lmi"]
[SourceDate "2006.03.11"]

1. d4 Nf6 2. c4 g6 3. Nc3 Bg7 4. e4 O-O 5. Be2 d6 6. Bg5 Na6 7. f4 c6 8. Nf3
Nc7 9. Bh4 d5 10. e5 Ne4 11. O-O f6 12. cxd5 Nxc3 13. bxc3 Nxd5 14. Qd2 Qa5 15.
Be1 Bh6 16. g3 Bh3 17. Rf2 Rad8 18. Qc1 Qc7 19. c4 Nb6 20. Ba5 fxe5 21. c5 exf4
22. g4 Bxg4 23. Rb1 Qc8 24. cxb6 axb6 25. Bxb6 Rde8 26. Bc4+ Kh8 27. Ne5 Be6
28. Bc5 b5 29. Bb3 Bxb3 30. Rxb3 Qe6 31. Bb4 Rf6 32. Rc3 Rc8 33. Qd1 Bg7 34.
Qf3 g5 35. Qe4 Rh6 36. Bxe7 Rh4 37. Kf1 f3 38. Qe3 Rxd4 39. Qxd4 Bxe5 40. Qc5
Re8 41. Qxc6 Qh3+ 42. Kg1 Rxe7 43. Qc8+ Qxc8 44. Rxc8+ Kg7 45. Rxf3 b4 46. Kg2
Bc3 47. Rf2 Kg6 48. Rc4 Ra7 49. Rc6+ Kg7 50. Re2 h6 51. Rce6 Bf6 52. R6e4 Rb7
53. R4e3 Ra7 54. Re4 Rb7 55. R4e3 Ra7 56. Rf3 Ra6 57. Rf5 Rb6 58. Rf3 1/2-1/2

[Event "70. Bulgaria ch 2006"]
[Site "Svilengrad BUL"]
[Date "2006.03.03"]
[Round "4.4"]
[White "Radulski, Julian"]
[Black "Dimitrov, Vladimir"]
[Result "1/2-1/2"]
[WhiteElo "2515"]
[BlackElo "2449"]
[PlyCount "20"]
[EventDate "2006.02.28"]
[EventType "tourn"]
[EventRounds "13"]
[EventCountry "BUL"]
[EventCategory "8"]
[Source "lmi"]
[SourceDate "2006.03.11"]

1. e4 c6 2. d4 d5 3. exd5 cxd5 4. c3 Nc6 5. Bd3 g6 6. Bf4 Bg7 7. Nf3 Nh6 8. O-O
O-O 9. Re1 f6 10. Nbd2 Nf7 1/2-1/2

[Event "70. Bulgaria ch 2006"]
[Site "Svilengrad BUL"]
[Date "2006.03.03"]
[Round "4.5"]
[White "Galunov, Todor"]
[Black "Iotov, Valentin"]
[Result "1-0"]
[WhiteElo "2286"]
[BlackElo "2420"]
[PlyCount "109"]
[EventDate "2006.02.28"]
[EventType "tourn"]
[EventRounds "13"]
[EventCountry "BUL"]
[EventCategory "8"]
[Source "lmi"]
[SourceDate "2006.03.11"]

1. Nf3 Nf6 2. g3 g6 3. Bg2 d5 4. O-O Bg7 5. c4 O-O 6. cxd5 Nxd5 7. Nc3 Nb6 8.
d3 Nc6 9. Be3 e5 10. Qd2 Re8 11. Bh6 Bh8 12. Rac1 Rb8 13. Ne4 Bg4 14. Nc5 Qc8
15. Rfe1 Nd7 16. Ne4 Qd8 17. b4 Bxf3 18. Bxf3 Nd4 19. Bg2 c6 20. Bg5 f6 21. Be3
Nb6 22. a4 Qe7 23. Qa2+ Kf8 24. Bxd4 exd4 25. Nc5 Rbd8 26. b5 Nd5 27. Nxb7 Qxb7
28. bxc6 Nb4 29. Qa3 Qe7 30. c7 Rc8 31. a5 f5 32. Bb7 Be5 33. Bxc8 Rxc8 34. Rc4
Na6 35. Qb3 Rxc7 36. Rec1 Rxc4 37. Rxc4 Nc7 38. Qb8+ Ne8 39. Qc8 Kg7 40. a6 Qf7
41. Rb4 Kh6 42. Qc6 Nd6 43. Qc5 Qe6 44. Qxa7 f4 45. Qc5 fxg3 46. hxg3 Nf5 47.
a7 Bd6 48. Qc6 Qxe2 49. Qg2 Bxg3 50. fxg3 Qe1+ 51. Kh2 Ne3 52. a8=Q Nxg2 53.
Qf8+ Kg5 54. Kxg2 Qd2+ 55. Kh3 1-0

[Event "70. Bulgaria ch 2006"]
[Site "Svilengrad BUL"]
[Date "2006.03.04"]
[Round "5.1"]
[White "Iotov, Valentin"]
[Black "Petkov, Vladimir"]
[Result "1-0"]
[WhiteElo "2420"]
[BlackElo "2512"]
[PlyCount "61"]
[EventDate "2006.02.28"]
[EventType "tourn"]
[EventRounds "13"]
[EventCountry "BUL"]
[EventCategory "8"]
[Source "lmi"]
[SourceDate "2006.03.11"]

1. d4 Nf6 2. c4 e6 3. Nc3 Bb4 4. e3 O-O 5. Bd3 d5 6. Nf3 c5 7. O-O Nc6 8. a3
Bxc3 9. bxc3 dxc4 10. Bxc4 Qc7 11. Bb2 e5 12. h3 b6 13. Qe2 Bb7 14. Rac1 Rae8
15. Bb5 Re6 16. Rfd1 e4 17. Nh2 Ne7 18. c4 Ng6 19. d5 Rd6 20. Nf1 Nd7 21. Ng3
f5 22. Qh5 Nf6 23. Qg5 a6 24. Ba4 b5 25. cxb5 axb5 26. Bxb5 Nxd5 27. Nxf5 h6
28. Qh5 Ngf4 29. exf4 Nxf4 30. Qg4 Rg6 31. Qxg6 1-0

[Event "70. Bulgaria ch 2006"]
[Site "Svilengrad BUL"]
[Date "2006.03.04"]
[Round "5.2"]
[White "Dimitrov, Vladimir"]
[Black "Galunov, Todor"]
[Result "1-0"]
[WhiteElo "2449"]
[BlackElo "2286"]
[PlyCount "67"]
[EventDate "2006.02.28"]
[EventType "tourn"]
[EventRounds "13"]
[EventCountry "BUL"]
[EventCategory "8"]
[Source "lmi"]
[SourceDate "2006.03.11"]

1. d4 d5 2. Nf3 Nf6 3. c4 c6 4. Nc3 dxc4 5. e3 b5 6. a4 b4 7. Na2 e6 8. Bxc4
Bb7 9. O-O Nbd7 10. Qe2 Be7 11. Rd1 O-O 12. Bd2 a5 13. Nc1 Qb6 14. Nb3 c5 15.
Be1 Rfd8 16. Bb5 cxd4 17. Nfxd4 Nc5 18. Nd2 e5 19. Nc4 Qc7 20. Nf5 Bf8 21. f3
Nd5 22. Bg3 f6 23. e4 Nf4 24. Bxf4 exf4 25. e5 Nb3 26. Rab1 fxe5 27. Nxe5 Kh8
28. Bd7 Qc5+ 29. Kh1 Bd5 30. Bc6 Bxc6 31. Nf7+ Kg8 32. Nxd8 Rxd8 33. Qe6+ Kh8
34. Rxd8 1-0

[Event "70. Bulgaria ch 2006"]
[Site "Svilengrad BUL"]
[Date "2006.03.04"]
[Round "5.4"]
[White "Bojkov, Dejan"]
[Black "Karakehajov, Kalin"]
[Result "0-1"]
[WhiteElo "2475"]
[BlackElo "2429"]
[PlyCount "168"]
[EventDate "2006.02.28"]
[EventType "tourn"]
[EventRounds "13"]
[EventCountry "BUL"]
[EventCategory "8"]
[Source "lmi"]
[SourceDate "2006.03.11"]

1. e4 e5 2. Nf3 Nc6 3. Bb5 a6 4. Ba4 Nf6 5. O-O Be7 6. Re1 b5 7. Bb3 O-O 8. d4
d6 9. c3 Bg4 10. d5 Na5 11. Bc2 c6 12. h3 Bc8 13. dxc6 Qc7 14. Nbd2 Qxc6 15.
Nf1 Nc4 16. Ng3 Re8 17. a4 Rb8 18. Qe2 Nb6 19. axb5 axb5 20. Bb3 Bf8 21. Ng5
Nc4 22. Nh5 Nd7 23. Ng3 Nf6 24. Bc2 h6 25. Nf3 Be6 26. b3 Nb6 27. Bb2 Nbd7 28.
Nd2 d5 29. exd5 Nxd5 30. Qf3 Qc7 31. Bf5 Nf4 32. Bxe6 Rxe6 33. Ne2 Ng6 34. Ne4
Nc5 35. b4 Nxe4 36. Qxe4 Rd8 37. Rad1 Red6 38. Rxd6 Qxd6 39. Bc1 Qd3 40. Qxd3
Rxd3 41. Be3 f5 42. g3 Bd6 43. Ra1 f4 44. gxf4 exf4 45. Bd4 Nh4 46. Ra8+ Kh7
47. Ra7 Nf5 48. f3 Rxf3 49. Rb7 Rxh3 50. Rxb5 Nxd4 51. Nxd4 Rxc3 52. Nf5 Bf8
53. Rb8 Kg8 54. b5 Kf7 55. b6 Rb3 56. b7 Rb2 57. Kf1 f3 58. Nh4 Bd6 59. Rd8 Bg3
60. b8=Q Rxb8 61. Rxb8 Bxb8 62. Kf2 Kf6 63. Kxf3 Kg5 64. Ng2 h5 65. Ne3 Be5 66.
Nc4 Bf4 67. Nb2 Kf5 68. Nd3 Bd6 69. Nf2 g5 70. Nh3 g4+ 71. Kg2 Bc5 72. Kg3 Be3
73. Kg2 Ke4 74. Kg3 Kd3 75. Kg2 h4 76. Kh2 Kd2 77. Kh1 Ke1 78. Kg2 Ke2 79. Kh1
Kf3 80. Kh2 g3+ 81. Kh1 Kg4 82. Kg2 Bc5 83. Kh1 Bd4 84. Kg2 Be3 0-1

[Event "70. Bulgaria ch 2006"]
[Site "Svilengrad BUL"]
[Date "2006.03.04"]
[Round "5.6"]
[White "Nikolov, Momchil"]
[Black "Rusev, Krasimir"]
[Result "1-0"]
[WhiteElo "2446"]
[BlackElo "2409"]
[PlyCount "42"]
[EventDate "2006.02.28"]
[EventType "tourn"]
[EventRounds "13"]
[EventCountry "BUL"]
[EventCategory "8"]
[Source "lmi"]
[SourceDate "2006.03.11"]

1. e4 e5 2. Nf3 Nf6 3. Nxe5 d6 4. Nf3 Nxe4 5. d4 d5 6. Bd3 Nc6 7. O-O Be7 8. c4
Nb4 9. Be2 O-O 10. a3 Nc6 11. cxd5 Qxd5 12. Nc3 Nxc3 13. bxc3 Bf5 14. Re1 Rfe8
15. Bf4 Rac8 16. Nd2 Na5 17. Nf1 Qb3 18. Ne3 Qxd1 19. Raxd1 Be6 20. a4 c6 21.
Rb1 b6 1-0

[Event "70. Bulgaria ch 2006"]
[Site "Svilengrad BUL"]
[Date "2006.03.05"]
[Round "6.2"]
[White "Karakehajov, Kalin"]
[Black "Vasilev, Milen"]
[Result "1-0"]
[WhiteElo "2429"]
[BlackElo "2451"]
[PlyCount "59"]
[EventDate "2006.02.28"]
[EventType "tourn"]
[EventRounds "13"]
[EventCountry "BUL"]
[EventCategory "8"]
[Source "lmi"]
[SourceDate "2006.03.11"]

1. d4 d5 2. Nf3 Nf6 3. e3 Bf5 4. c4 c6 5. Nc3 e6 6. Nh4 Be4 7. f3 Bg6 8. Qb3
Qc7 9. Bd2 Nbd7 10. g4 Be7 11. Rc1 Qb8 12. cxd5 Nxd5 13. Nxg6 hxg6 14. Nxd5
exd5 15. h3 Qg3+ 16. Ke2 Qc7 17. Qxd5 O-O 18. Qb3 Rad8 19. h4 Nf6 20. Kf2 c5
21. h5 g5 22. h6 gxh6 23. Bc3 cxd4 24. Bd2 Bc5 25. e4 Qd6 26. Rxh6 Bb6 27. Bxg5
Nxg4+ 28. fxg4 d3+ 29. Qxb6 Qe5 30. Qf6 1-0

[Event "70. Bulgaria ch 2006"]
[Site "Svilengrad BUL"]
[Date "2006.03.05"]
[Round "6.4"]
[White "Galunov, Todor"]
[Black "Janev, Evgeni"]
[Result "0-1"]
[WhiteElo "2286"]
[BlackElo "2494"]
[PlyCount "78"]
[EventDate "2006.02.28"]
[EventType "tourn"]
[EventRounds "13"]
[EventCountry "BUL"]
[EventCategory "8"]
[Source "lmi"]
[SourceDate "2006.03.11"]

1. Nf3 Nf6 2. g3 d5 3. Bg2 c6 4. O-O Bg4 5. d3 Bxf3 6. Bxf3 Nbd7 7. e4 dxe4 8.
dxe4 e5 9. Nd2 Qc7 10. Nc4 b5 11. Ne3 Nc5 12. Qe2 h5 13. h4 g6 14. a4 bxa4 15.
Nd1 Be7 16. Nc3 Ne6 17. Nxa4 Nd4 18. Qd3 O-O 19. c3 Nb3 20. Ra2 Rfd8 21. Qc4
Qb7 22. Be2 Ng4 23. Bxg4 hxg4 24. Qe2 Qd7 25. Be3 Qe6 26. c4 Nd4 27. Bxd4 Rxd4
28. b3 Rad8 29. Nc3 Bb4 30. Rc1 a5 31. Kg2 f5 32. exf5 gxf5 33. Rac2 Kf7 34.
Qe3 Qf6 35. Qe2 e4 36. Nd1 f4 37. gxf4 Qxh4 38. Qe3 Rxd1 39. Rxd1 Rxd1 0-1